<?xml version="1.0" encoding="UTF-8"?>
<collection xmlns="http://www.loc.gov/MARC21/slim">
<record>
  <controlfield tag="001">119024</controlfield>
  <controlfield tag="005">20230323131636.0</controlfield>
  <datafield tag="024" ind1="8" ind2=" ">
    <subfield code="2">sideral</subfield>
    <subfield code="a">130281</subfield>
  </datafield>
  <datafield tag="037" ind1=" " ind2=" ">
    <subfield code="a">ART-2021-130281</subfield>
  </datafield>
  <datafield tag="041" ind1=" " ind2=" ">
    <subfield code="a">spa</subfield>
  </datafield>
  <datafield tag="100" ind1=" " ind2=" ">
    <subfield code="a">Vicente Oliva, Silvia Maria</subfield>
    <subfield code="0">(orcid)0000-0002-9958-9972</subfield>
  </datafield>
  <datafield tag="245" ind1=" " ind2=" ">
    <subfield code="a">Tecnologías emergentes para la transición energética en España</subfield>
  </datafield>
  <datafield tag="260" ind1=" " ind2=" ">
    <subfield code="c">2021</subfield>
  </datafield>
  <datafield tag="506" ind1="0" ind2=" ">
    <subfield code="a">Access copy available to the general public</subfield>
    <subfield code="f">Unrestricted</subfield>
  </datafield>
  <datafield tag="520" ind1="3" ind2=" ">
    <subfield code="a">Las transición energética necesita desarrollar innovaciones, pero también el acompañamiento de medidas políticas, sociales y económicas que favorezcan el asentamiento de energías limpias en España. Sin embargo, el acceso que se tenga a la tecnología que proporciona la evolución esperada tiene mucho que ver con la investigación y el desarrollo que se haya hecho en procesos, bienes y servicios, tanto en España, como en el acceso que se tenga a tecnologías de otros países que puedan adaptarse. Por ello, -a través de un análisis de patentes- se revisa la situación de las tecnologías para conversión y almacenamietno de energías renovables pudiendo observar los sectores en los en los que hay mas carencias.

Energy transition requires not only innovation but the accompaniment of political, social and economic measures that favor the establishment of clean energies in Spain. However, the access to the technology that provides the expected evolution has a lot to do with R&amp;D related in processes, goods and services, both domestic and imported. Therefore, -through a patent analysis- the current situation of the technologies for conversion and storage of renewable energies is reviewed, being able to observe the sectors in which there are more deficiencies</subfield>
  </datafield>
  <datafield tag="540" ind1=" " ind2=" ">
    <subfield code="9">info:eu-repo/semantics/openAccess</subfield>
    <subfield code="a">by</subfield>
    <subfield code="u">http://creativecommons.org/licenses/by/3.0/es/</subfield>
  </datafield>
  <datafield tag="655" ind1=" " ind2="4">
    <subfield code="a">info:eu-repo/semantics/article</subfield>
    <subfield code="v">info:eu-repo/semantics/publishedVersion</subfield>
  </datafield>
  <datafield tag="773" ind1=" " ind2=" ">
    <subfield code="g">420 (2021), 125-134</subfield>
    <subfield code="p">Econ. ind.</subfield>
    <subfield code="t">Economía industrial</subfield>
    <subfield code="x">0422-2784</subfield>
  </datafield>
  <datafield tag="856" ind1="4" ind2=" ">
    <subfield code="s">194458</subfield>
    <subfield code="u">http://zaguan.unizar.es/record/119024/files/texto_completo.pdf</subfield>
    <subfield code="y">Versión publicada</subfield>
  </datafield>
  <datafield tag="856" ind1="4" ind2=" ">
    <subfield code="s">1915810</subfield>
    <subfield code="u">http://zaguan.unizar.es/record/119024/files/texto_completo.jpg?subformat=icon</subfield>
    <subfield code="x">icon</subfield>
    <subfield code="y">Versión publicada</subfield>
  </datafield>
  <datafield tag="909" ind1="C" ind2="O">
    <subfield code="o">oai:zaguan.unizar.es:119024</subfield>
    <subfield code="p">articulos</subfield>
    <subfield code="p">driver</subfield>
  </datafield>
  <datafield tag="951" ind1=" " ind2=" ">
    <subfield code="a">2023-03-23-13:01:09</subfield>
  </datafield>
  <datafield tag="980" ind1=" " ind2=" ">
    <subfield code="a">ARTICLE</subfield>
  </datafield>
</record>
</collection>